000 00653nam a2200241Ia 4500
003 OSt
005 20220923224837.0
006 a|||||r|||| 00| 0
007 ta
008 220922b |||||||| |||| 00| 0 hin d
024 _a252,014
037 _cTextual
040 _aARTS
_cARTS
_bhin
041 _2hin
_ahin
082 _aO152,3N12,JK, J2
245 0 _aजिंदगी के थपेडे़
246 _aJiandagī ke thapeḍe़
260 _c1952
300 _a204पृ.
_ccm.
650 _aहिन्दी साहित्य
_9156264
942 _hO152,3N12,JK, J2
_cTEXL
_2CC
999 _c374053
_d374053